Kształty państw do góry nogami #3 - Statystyki

Ogólne statystyki
  • Ten quiz został rozwiązany 145 razy
  • Średni wynik to 8 z 14
Statystyki odpowiedzi
Obrazkowy Odpowiedź % Poprawnych
Wietnam
96%
Mali
83%
Irlandia
81%
Papua-Nowa Gwinea
78%
Niemcy
77%
Argentyna
72%
Libia
71%
Oman
60%
Sudan Południowy
42%
Kostaryka
40%
San Marino
40%
Republika Środkowoafrykańska
38%
Samoa
26%
Saint Lucia
22%
Nie znaleziono quizów pasujących do podanych kryteriów
Rozkład punktacji
Procent ludzi z każdym wynikiem
Percentyl według liczby udzielonych odpowiedzi
Twoja historia wyników
Nie rozwiązałeś tego quizu